[Event "DM 2026 Kort Paaske 1A"]
[Site "Svendborg"]
[Date "2026.03.30"]
[Round "5.9"]
[White "Jensen, Jakob Bjerre"]
[Black "Rasmussen, Steen Hulthin"]
[Result "1-0"]
[WhiteElo "2158"]
[BlackElo "2011"]
[WhiteFideId "1401513"]
[BlackFideId "1419307"]
[EventDate "2026.03.28"]
[EventType "swiss"]
[EventRounds "5"]
[EventCountry "DEN"]
[SourceTitle "Live v. Kasper Jerwiarz"]

1. d4 Nf6 2. c4 c5 3. d5 e6 4. Nc3 exd5 5. cxd5 d6 6. e4 g6 7. f4 Bg7 8. Bb5+ Nfd7 9. a4 O-O 10. Nf3 Na6 11. O-O Nb4 12. Re1 a6 13. Bf1 Re8 14. Be3 b6 15. Bf2 Bb7 16. Qd2 Rc8 17. Rad1 Nf6 18. Bh4 Qd7 19. Bc4 h6 20. e5 Nh7 21. Ne4 dxe5 22. Nxe5 Bxe5 23. fxe5 g5 24. Bxg5 hxg5 25. Nf6+ Nxf6 26. Qxg5+ Kh7 27. exf6 Rg8 28. Qh5# 1-0